000 01140nmc a2200397 a 4500
003 AR-Y00000XR
005 20251128211951.0
008 297020s2001 ||||||||||||||000 | spa||
020 _a950-46-1091-9
040 _cAR-Y00000XR
100 1 _aWeinberg, Gregorio
245 1 0 _aDe la 'ilustración' a la reforma universitaria
_bideas y protagonistas
260 _aBuenos Aires
_bSantillana
_c2001
300 0 _a295 p.
490 0 _aAcademia Nacional de Educación
600 1 4 _aSarmiento, Domingo Faustino
_d1811-1888
600 1 4 _aRodríguez, Simón
600 1 4 _aBello, Andrés
_d1781-1865
600 1 4 _aMariátegui, José Carlos
600 1 4 _aVarela, José Pedro
650 4 _aHISTORIA DE LA EDUCACION
650 4 _aFILOSOFIA DE LA EDUCACION
650 4 _aEDUCADORES
650 4 _aUNIVERSIDAD
651 4 _aArgentina
651 4 _aAmérica Latina
653 0 _aEDUCACION PUBLICA
653 0 _aEDUCACION POPULAR
653 0 _aREFORMA UNIVERSITARIA
653 0 _aEDUCACION COMUN
653 0 _aILUSTRACION
653 0 _aEDUCACION SUPERIOR
653 0 _aSISTEMA LANCASTER
942 _cBK
998 _cines
999 _c21835
_d21835